| 000 | 00299 a2200121 4500 | ||
|---|---|---|---|
| 001 | 63124 | ||
| 082 | _a005.133 LAF | ||
| 090 |
_c37291 _d37291 |
||
| 100 | _aLafore, Robert, L | ||
| 245 |
_aThe Wait Group's C Prog: Turbo C++ _hEnglish |
||
| 260 |
_bHoward W.Sams & Co _c1999 |
||
| 300 | _axxi,794p | ||
| 942 |
_aCAE NUST _k005.133 LAF |
||
| 999 |
_c298197 _d298197 |
||